<The> Development Level of Insurance in Selected CEE Countries: Causes and Barriers's

Význam poistného trhu pre ekonomický rast. Komparácia veľkosti poistného trhu medzi krajinami OECD a SVE ukazovateľom BLID. Identifikácia faktorov rozvoja poistného sektoru.

Guardado en:
Detalles Bibliográficos
Autor principal: Beslerová, Stela
Otros Autores: Tobák, Juraj, 1986-, Tobáková, Petra, 1987-
Formato: Capítulo de libro
Lenguaje:inglés
Materias:
Etiquetas: Agregar Etiqueta
Sin Etiquetas, Sea el primero en etiquetar este registro!

MARC

LEADER 00000nla a2200000 4500
001 0214130
005 20240502073559.4
041 0 |a eng 
044 |a SK 
245 1 0 |a <The> Development Level of Insurance in Selected CEE Countries: Causes and Barriers's  |c Stela Beslerová, Juraj Tobák, Petra Tobáková 
520 |a Význam poistného trhu pre ekonomický rast. Komparácia veľkosti poistného trhu medzi krajinami OECD a SVE ukazovateľom BLID. Identifikácia faktorov rozvoja poistného sektoru. 
610 2 0 |a trh poistný 
610 2 0 |a rast hospodársky 
610 2 0 |a analýza trhu 
610 2 0 |a analýza komparatívna 
610 2 0 |a stredná Európa 
610 2 0 |a západná Európa 
610 2 0 |a OECD 
100 1 |a Beslerová, Stela 
700 1 |a Tobák, Juraj, 1986- 
700 1 |a Tobáková, Petra, 1987-